Rammstein: Albums by Cover - Statistics

General Stats
  • This quiz has been taken 86 times
  • The average score is 6 of 8
Answer Stats
Picture Hint Answer % Correct
2001 Mutter
100%
2004 Reise, Reise
89%
2005 Rosenrot
88%
1997 Sehnsucht
88%
1995 Herzeleid
84%
2022 Zeit
80%
2009 Liebe ist für alle da
73%
2019 Untitled
33%
No matching quizzes found
Score Distribution
Percent of People with Each Score
Percentile by Number Answered
Your Score History
You have not taken this quiz